Antología de cuentos policiales /

Gespeichert in:
Bibliographische Detailangaben
1. Verfasser: Lasso de la Vega, Javier (selección)
Format: Buch
Sprache:Spanisch
Veröffentlicht: Barcelona, España : Labor, 1960, c1960
Schlagworte:
Tags: Tag hinzufügen
Keine Tags, Fügen Sie das erste Tag hinzu!

MARC

LEADER 00000nam^a2200000^a^4500
001 000417223
005 20250526000000.0
009 20260310122344.477
037 |a Acervo ITESO - Biblioteca 
041 |a ESP 
082 |a 808. 83  |b LAS 
100 |a Lasso de la Vega, Javier  |e (selección) 
245 1 0 |a Antología de cuentos policiales /  |c Selección, pról. y notas de J. Lasso de la Vega. 
264 4 |a Barcelona, España :  |b Labor,  |c 1960, c1960 
300 |a LXXI, 1068 p. ;  |c 23.5 cm. 
336 |a texto  |b txt  |2 rdacontenido 
337 |a sin mediación  |b n  |2 rdamedio 
338 |a volumen  |b nc  |2 rdasoporte 
649 |a XX 
650 |a Cuentos 
650 |a Literatura 
650 |a Literatura Policíaca y de Misterio 
910 |a Fondo Alfonso de Alba Martín 
920 |a Impresos - Libros 
930 |a Libros Antiguos y Raros 
940 |a Literatura 
905 |a 125 
901 |a 417223001  |b IT2  |c LRA  |i D96585  |u 20250526 
902 |a https://opac.biblio.iteso.mx/vufind/Record/000417223